[Event "CHI-ch"]
[Site "Santiago"]
[Date "2024.02.20"]
[Round "3"]
[White "Torres Bravo, Cristobal Renato"]
[Black "Gonzalez Culi, Diego"]
[Result "1-0"]
[WhiteElo "2336"]
[BlackElo "2099"]
[PlyCount "67"]
[EventDate "2024.02.19"]
[EventType "swiss"]
[EventRounds "11"]
[EventCountry "CHI"]
[SourceTitle "CB09_2024"]
[SourceDate "2024.02.28"]
[SourceVersion "1"]
[SourceVersionDate "2024.02.28"]
[SourceQuality "1"]

1. Nf3 d5 2. g3 Nf6 3. Bg2 e6 4. c4 d4 5. 0-0 Nc6 6. e3 Bc5 7. exd4 Nxd4 8. Nc3 0-0 9. d3 h6 10. Nxd4 Bxd4 11. Ne2 Bb6 12. d4 c6 13. b3 e5 14. Bb2 exd4 15. Nxd4 Bg4 16. Nf3 Ne4 17. h3 Qxd1 18. Raxd1 Bxf3 19. Bxf3 Nxg3 20. Rfe1 Nf5 21. b4 Rfe8 22. c5 Bc7 23. Be4 Nh4 24. Kf1 Rad8 25. Rxd8 Rxd8 26. a4 Kf8 27. b5 Ba5 28. Rc1 Re8 29. bxc6 Rxe4 30. cxb7 Bc7 31. Rd1 Re8 32. c6 Nf5 33. Ba3+ Kg8 34. Rd7 1-0

[Event "Montevideo Duchamp Cup 7th"]
[Site "Montevideo"]
[Date "2024.02.04"]
[Round "4"]
[White "Moritz, Diego Homrich"]
[Black "Gonzalez Culi, Diego"]
[Result "0-1"]
[WhiteElo "1833"]
[BlackElo "2099"]
[PlyCount "80"]
[EventDate "2024.02.01"]
[EventType "swiss"]
[EventRounds "9"]
[EventCountry "URU"]
[SourceTitle "CB07_2024"]
[SourceDate "2024.02.14"]
[SourceVersion "1"]
[SourceVersionDate "2024.02.14"]
[SourceQuality "1"]

1. d4 d5 2. Nf3 Nf6 3. e3 c5 4. b3 Nbd7 5. Bd3 g6 6. Nbd2 Bg7 7. Bb2 0-0 8. 0-0 b6 9. Qe2 Bb7 10. Rfd1 Ne4 11. Rac1 cxd4 12. exd4 Ndc5 13. Rb1 Nxd3 14. Qxd3 Bh6 15. Qe2 Nxd2 16. Nxd2 Rc8 17. c3 Re8 18. Re1 Qd6 19. Nf3 Rc7 20. Rbd1 Bc8 21. h3 Bf5 22. Nh4 Be6 23. Nf3 Bd7 24. Kh1 f6 25. Kg1 Bf5 26. Nh4 Bc8 27. Nf3 e6 28. Qd3 Bb7 29. Re2 Rce7 30. Bc1 Bg7 31. Rde1 e5 32. Qb5 e4 33. Nh2 f5 34. Qa4 b5 35. Qxa7 Ba6 36. Qc5 Qxc5 37. dxc5 Bxc3 38. Rd1 b4 39. Re3 d4 40. Rg3 Be2 0-1

[Event "Montevideo Duchamp Cup 7th"]
[Site "Montevideo"]
[Date "2024.02.01"]
[Round "1"]
[White "Gonzalez Culi, Diego"]
[Black "Gonzalez Valenzuela, Federico"]
[Result "1-0"]
[WhiteElo "2099"]
[BlackElo "1624"]
[PlyCount "87"]
[EventDate "2024.02.01"]
[EventType "swiss"]
[EventRounds "9"]
[EventCountry "URU"]
[SourceTitle "CB07_2024"]
[SourceDate "2024.02.14"]
[SourceVersion "1"]
[SourceVersionDate "2024.02.14"]
[SourceQuality "1"]

1. d4 d5 2. c4 dxc4 3. e4 e5 4. Nf3 exd4 5. Bxc4 Bb4+ 6. Nbd2 Nf6 7. Bxf7+ Kxf7 8. Qb3+ Ke8 9. Qxb4 Nc6 10. Qb3 Qe7 11. 0-0 Qb4 12. e5 Qxb3 13. Nxb3 Nd5 14. Nbxd4 Bg4 15. Nxc6 Bxf3 16. Na5 Be2 17. Re1 Bb5 18. Nxb7 Nb4 19. Rd1 Rf8 20. Be3 Nc2 21. Rac1 Nxe3 22. fxe3 c6 23. Nd6+ Ke7 24. Nxb5 cxb5 25. Rc7+ Ke6 26. Rxg7 Rac8 27. Rgd7 Rc2 28. R7d2 Rc5 29. e4 Rc4 30. Rf1 Rfc8 31. Re1 Rc2 32. Ree2 R2c4 33. Rd5 a5 34. Kf2 a4 35. Red2 b4 36. Ke3 a3 37. bxa3 Rc3+ 38. R5d3 bxa3 39. Kf4 Rf8+ 40. Ke3 Rfc8 41. Rxc3 Rxc3+ 42. Kf4 Rc1 43. Rd6+ Ke7 44. Ra6 1-0

[Event "South America-ch 1st"]
[Site "Lima"]
[Date "2023.09.14"]
[Round "1"]
[White "Sifuentes Alcantara, Jhony Sebastian"]
[Black "Gonzalez Culi, Diego"]
[Result "0-1"]
[WhiteElo "1701"]
[BlackElo "2114"]
[PlyCount "77"]
[EventDate "2023.09.14"]
[EventType "swiss"]
[EventRounds "9"]
[EventCountry "PER"]
[SourceTitle "EXT 2024"]
[Source "ChessBase"]
[SourceDate "2023.10.10"]
[SourceVersion "1"]
[SourceVersionDate "2023.10.10"]
[SourceQuality "1"]

1. d4 d5 2. c4 e6 3. Nf3 Nf6 4. g3 Bb4+ 5. Bd2 Be7 6. Bg2 0-0 7. 0-0 Nbd7 8. Qc2 c6 9. Rd1 a5 10. Bf4 h6 11. Nbd2 Nh5 12. Be3 Nhf6 13. Bf4 g5 14. Be5 Ng4 15. h3 Ngxe5 16. Nxe5 Nxe5 17. dxe5 Qb6 18. e3 Kg7 19. cxd5 exd5 20. Nb3 f6 21. exf6+ Rxf6 22. Nd4 Bd7 23. Rac1 Raf8 24. Rf1 Bd6 25. Nb3 R8f7 26. Qc3 Bb4 27. Qd3 a4 28. Na1 Bf5 29. Qd1 a3 30. bxa3 Bxa3 31. Rc3 Bd6 32. Qb3 Qa6 33. Nc2 Bg6 34. Nd4 Bxg3 35. Ne6+ Kh8 36. Nc5 Qe2 37. e4 Rxf2 38. Rxg3 Rxf1+ 39. Kh2 0-1

[Event "Arica op 8th"]
[Site "Arica"]
[Date "2022.12.19"]
[Round "6"]
[White "Perez Gormaz, Matias Ariel"]
[Black "Gonzalez Culi, Diego"]
[Result "1-0"]
[WhiteElo "2397"]
[BlackElo "2164"]
[PlyCount "45"]
[EventDate "2022.12.16"]
[EventType "swiss"]
[EventRounds "10"]
[EventCountry "CHI"]
[SourceTitle "CBM 212 Extra"]
[Source "ChessBase"]
[SourceDate "2023.03.31"]
[SourceVersion "1"]
[SourceVersionDate "2023.03.31"]
[SourceQuality "1"]

1. Nf3 d5 2. g3 Nf6 3. Bg2 e6 4. c4 d4 5. d3 c5 6. e4 Nc6 7. e5 Nd7 8. Qe2 Be7 9. h4 0-0 10. Bf4 h6 11. Nbd2 a6 12. 0-0-0 Qa5 13. a3 b5 14. Qe4 Bb7 15. Bxh6 Ncxe5 16. Qxb7 Nxd3+ 17. Kb1 Rab8 18. Qxd7 bxc4 19. Nxc4 Qc3 20. Bc1 Bf6 21. Qa4 Rb3 22. Nfd2 Rb5 23. Ne4 1-0

[Event "Arica op 8th"]
[Site "Arica"]
[Date "2022.12.16"]
[Round "2"]
[White "Bachmann, Axel"]
[Black "Gonzalez Culi, Diego"]
[Result "1-0"]
[WhiteElo "2618"]
[BlackElo "2164"]
[PlyCount "81"]
[EventDate "2022.12.16"]
[EventType "swiss"]
[EventRounds "10"]
[EventCountry "CHI"]
[SourceTitle "CBM 212 Extra"]
[Source "ChessBase"]
[SourceDate "2023.03.31"]
[SourceVersion "1"]
[SourceVersionDate "2023.03.31"]
[SourceQuality "1"]

1. Nf3 d5 2. g3 Nf6 3. Bg2 e6 4. 0-0 c5 5. c4 Be7 6. d4 0-0 7. dxc5 Bxc5 8. Nc3 Nc6 9. cxd5 Nxd5 10. Qc2 Nxc3 11. Qxc3 Qb6 12. Bf4 Re8 13. Ng5 h6 14. Ne4 Bd4 15. Qc2 Qxb2 16. Qxb2 Bxb2 17. Rab1 Bd4 18. Nd6 Re7 19. Rfc1 Bb6 20. a4 g5 21. Be3 Bxe3 22. fxe3 Rd7 23. Bxc6 Rxd6 24. Bxb7 Bxb7 25. Rxb7 Rd2 26. Kf2 Ra2 27. Rc4 a5 28. h4 Rd8 29. hxg5 hxg5 30. Kf3 Rd5 31. e4 Ra3+ 32. Kg4 Rd1 33. Rb5 Rg1 34. Rxg5+ Kf8 35. Kh3 f6 36. Rg4 Re3 37. Rc8+ Ke7 38. Rc6 Rxe2 39. Rg7+ Kf8 40. Rb7 Rh1+ 41. Kg4 1-0

[Event "CHI-ch sf"]
[Site "Vina del Mar"]
[Date "2022.02.12"]
[Round "6"]
[White "Gonzalez Culi, Diego"]
[Black "Larrain Cortes, Cristian"]
[Result "1-0"]
[WhiteElo "2152"]
[BlackElo "2114"]
[PlyCount "115"]
[EventDate "2022.02.08"]
[EventType "swiss"]
[EventRounds "8"]
[EventCountry "CHI"]
[SourceTitle "CBM 207 Extra"]
[Source "ChessBase"]
[SourceDate "2022.05.31"]
[SourceVersion "1"]
[SourceVersionDate "2022.05.31"]
[SourceQuality "1"]

1. b3 e5 2. Bb2 d6 3. c4 Nf6 4. g3 Nc6 5. Bg2 g6 6. e3 Bg7 7. Ne2 0-0 8. 0-0 e4 9. d3 exd3 10. Qxd3 Re8 11. a3 Ne5 12. Qc2 Bf5 13. Qd1 h5 14. Nbc3 Nd3 15. Bc1 Nxc1 16. Rxc1 c6 17. b4 Qd7 18. b5 Bh3 19. Bxh3 Qxh3 20. Nf4 Qd7 21. Rc2 Qf5 22. Qd3 Qe5 23. Rd1 Bf8 24. Nfe2 h4 25. Nd4 hxg3 26. hxg3 Ng4 27. Kg2 Rac8 28. Nf3 Qf6 29. bxc6 bxc6 30. Rcd2 Qe7 31. Qd4 f5 32. Ne2 Rcd8 33. Qd3 Bg7 34. Qb3 Qe4 35. Rxd6 Rxd6 36. Rxd6 c5 37. Qd3 Qxd3 38. Rxd3 Rb8 39. Nf4 Rb2 40. Rd2 g5 41. Ne6 Bc3 42. Rxb2 Bxb2 43. a4 Ba3 44. Nexg5 Kg7 45. e4 Kf6 46. Kf1 Bc1 47. e5+ Nxe5 48. Nxe5 Kxe5 49. Nf3+ Ke4 50. Ke2 a5 51. Nd2+ Bxd2 52. Kxd2 Kd4 53. f3 Ke5 54. Ke3 f4+ 55. gxf4+ Kf5 56. Ke2 Kxf4 57. Kf2 Kf5 58. Ke3 1-0

[Event "CHI-ch sf"]
[Site "Vina del Mar"]
[Date "2022.02.08"]
[Round "1"]
[White "Donoso Silva, Santiago"]
[Black "Gonzalez Culi, Diego"]
[Result "0-1"]
[WhiteElo "1694"]
[BlackElo "2152"]
[PlyCount "66"]
[EventDate "2022.02.08"]
[EventType "swiss"]
[EventRounds "8"]
[EventCountry "CHI"]
[SourceTitle "CBM 207 Extra"]
[Source "ChessBase"]
[SourceDate "2022.05.31"]
[SourceVersion "1"]
[SourceVersionDate "2022.05.31"]
[SourceQuality "1"]

1. e4 c5 2. Nf3 d6 3. d4 cxd4 4. Qxd4 Nc6 5. Bb5 Bd7 6. Bxc6 Bxc6 7. Nc3 Nf6 8. Bg5 Qc7 9. 0-0-0 Qb6 10. Rhe1 Qxd4 11. Nxd4 Nd7 12. f4 h6 13. Bh4 g5 14. Bg3 gxf4 15. Bxf4 e5 16. Nxc6 bxc6 17. Be3 Rg8 18. Rd2 Nf6 19. h3 Rg3 20. Bg1 h5 21. Rf2 Bh6+ 22. Kb1 Ke7 23. Ref1 Rg6 24. Bh2 Rag8 25. g4 hxg4 26. hxg4 R8g7 27. g5 Bxg5 28. Bg3 Be3 29. Rf3 Rxg3 30. Rxf6 Bf4 31. R6xf4 exf4 32. Ne2 Rg2 33. Nxf4 Rf2 0-1

[Event "CHI-ch sf"]
[Site "Quilpue"]
[Date "2022.02.06"]
[Round "5"]
[White "Aguirre Adaros, Joaquin Antonio"]
[Black "Gonzalez Culi, Diego"]
[Result "0-1"]
[WhiteElo "1885"]
[BlackElo "2148"]
[PlyCount "66"]
[EventDate "2022.02.04"]
[EventType "swiss"]
[EventRounds "8"]
[EventCountry "CHI"]
[SourceTitle "EXT 2023"]
[Source "ChessBase"]
[SourceDate "2022.10.05"]
[SourceVersion "1"]
[SourceVersionDate "2022.10.05"]
[SourceQuality "1"]

1. e4 c5 2. Nc3 Nc6 3. f4 g6 4. Nf3 Bg7 5. g3 e6 6. Bg2 Nge7 7. 0-0 0-0 8. d3 Rb8 9. Be3 Nd4 10. Qd2 d5 11. Bf2 dxe4 12. Nxe4 Nxf3+ 13. Bxf3 b6 14. Rae1 Ba6 15. Nc3 Nf5 16. Rd1 Nd4 17. Bg2 h6 18. Rfe1 Qd7 19. Ne2 Nc6 20. c3 Rbd8 21. d4 cxd4 22. Nxd4 Nxd4 23. Bxd4 Qc7 24. Qf2 Bxd4 25. Rxd4 Rxd4 26. Qxd4 Rd8 27. Qa4 Qc5+ 28. Kh1 Qf2 29. Rg1 Be2 30. Qc2 Qe3 31. a4 Rd2 32. Qc1 Bf3 33. b4 Qf2 0-1

[Event "Valdivia op 2nd"]
[Site "Valdivia"]
[Date "2021.09.19"]
[Round "6"]
[White "Borgeaud Fuentes, Oscar"]
[Black "Gonzalez Culi, Diego"]
[Result "1/2-1/2"]
[WhiteElo "1927"]
[BlackElo "2172"]
[PlyCount "87"]
[EventDate "2021.09.16"]
[EventType "swiss"]
[EventRounds "6"]
[EventCountry "CHI"]
[SourceTitle "CBM 204 Extra"]
[Source "ChessBase"]
[SourceDate "2021.11.30"]
[SourceVersion "1"]
[SourceVersionDate "2021.11.30"]
[SourceQuality "1"]

1. d4 Nf6 2. Nf3 g6 3. g3 Bg7 4. Bg2 d5 5. 0-0 0-0 6. c4 Nc6 7. c5 Ne4 8. Nc3 Bg4 9. Be3 Nxc3 10. bxc3 b6 11. Ne5 Nxe5 12. dxe5 c6 13. Qd2 Bxe5 14. cxb6 axb6 15. Bh6 Re8 16. Qg5 Bf5 17. e4 Bf6 18. Qe3 Bxe4 19. Bxe4 dxe4 20. Qxe4 Qc7 21. a4 Rec8 22. Qc4 Ra5 23. Be3 Rca8 24. Qb4 b5 25. Bf4 e5 26. Bh6 Be7 27. Qb3 Rxa4 28. Rad1 Rc4 29. Rd3 Ra3 30. Qd1 Ra7 31. Re1 e4 32. Rd4 f5 33. Rxc4 bxc4 34. Qd4 Bf8 35. Bxf8 Kxf8 36. Qh8+ Kf7 37. Qxh7+ Kf6 38. Qh8+ Qg7 39. Qd8+ Qe7 40. Qh8+ Qg7 41. Qd8+ Ke6 42. Qc8+ Qd7 43. Qg8+ Qf7 44. Qc8+ 1/2-1/2

[Event "Valdivia op 2nd"]
[Site "Valdivia"]
[Date "2021.09.18"]
[Round "3"]
[White "Gonzalez Culi, Diego"]
[Black "Marrujo Pardo, Mauricio Emmanuel"]
[Result "1-0"]
[WhiteElo "2172"]
[BlackElo "1969"]
[PlyCount "149"]
[EventDate "2021.09.16"]
[EventType "swiss"]
[EventRounds "6"]
[EventCountry "CHI"]
[SourceTitle "CBM 204 Extra"]
[Source "ChessBase"]
[SourceDate "2021.11.30"]
[SourceVersion "1"]
[SourceVersionDate "2021.11.30"]
[SourceQuality "1"]

1. b3 g6 2. Bb2 Nf6 3. Bxf6 exf6 4. c4 Bg7 5. Nc3 0-0 6. g3 f5 7. Rc1 b6 8. Bg2 Nc6 9. e3 Re8 10. Nge2 Bb7 11. 0-0 Na5 12. Nd5 c5 13. Nec3 a6 14. Qc2 Nc6 15. a3 Rb8 16. Rfd1 Ba8 17. b4 cxb4 18. axb4 b5 19. cxb5 axb5 20. d4 Qc8 21. Qb3 Qd8 22. h4 Ne7 23. h5 Nxd5 24. Bxd5 Bxd5 25. Nxd5 gxh5 26. Nf4 h4 27. gxh4 Qxh4 28. Qd5 Qg4+ 29. Qg2 Bf8 30. Nd5 Re6 31. Qxg4+ fxg4 32. Rc7 Rd6 33. Rxd7 Rxd7 34. Nf6+ Kg7 35. Nxd7 Rd8 36. Nxf8 Rxf8 37. Rc1 Kg6 38. Rc5 Rb8 39. Kg2 f5 40. Kg3 Kf6 41. Kf4 h5 42. Rxf5+ Kg6 43. e4 Rh8 44. Rxb5 Kf6 45. Rb6+ Kf7 46. Ra6 Rb8 47. Ra7+ Kg6 48. Ra6+ Kf7 49. Rh6 Rxb4 50. Rxh5 Rxd4 51. Rg5 Kf6 52. Rxg4 Rd2 53. f3 Rd4 54. Rh4 Ra4 55. Rh6+ Kg7 56. Rb6 Ra5 57. e5 Ra3 58. Kg4 Ra1 59. Kf5 Kf7 60. Rb7+ Kf8 61. Kf6 Kg8 62. f4 Ra8 63. f5 Kf8 64. e6 Rc8 65. Rf7+ Kg8 66. Rg7+ Kf8 67. e7+ Ke8 68. Rg8+ Kd7 69. Rxc8 Kxc8 70. e8Q+ Kb7 71. Qd7+ Ka8 72. Ke6 Kb8 73. f6 Ka8 74. f7 Kb8 75. f8Q# 1-0

[Event "Valdivia op 2nd"]
[Site "Valdivia"]
[Date "2021.09.17"]
[Round "2"]
[White "Mondaca Gonzalez, Alfredo"]
[Black "Gonzalez Culi, Diego"]
[Result "1/2-1/2"]
[WhiteElo "1801"]
[BlackElo "2172"]
[PlyCount "134"]
[EventDate "2021.09.16"]
[EventType "swiss"]
[EventRounds "6"]
[EventCountry "CHI"]
[SourceTitle "CBM 204 Extra"]
[Source "ChessBase"]
[SourceDate "2021.11.30"]
[SourceVersion "1"]
[SourceVersionDate "2021.11.30"]
[SourceQuality "1"]

1. Nf3 d5 2. b4 Nf6 3. Bb2 Bf5 4. e3 e6 5. a3 h6 6. d4 Bd6 7. Nbd2 0-0 8. c4 c6 9. Qb3 Re8 10. Bd3 Ne4 11. Qc2 Nxd2 12. Qxd2 Nd7 13. 0-0 Qf6 14. Rae1 Be4 15. Qe2 Qg6 16. Bxe4 dxe4 17. Ne5 Bxe5 18. dxe5 Rad8 19. Rd1 Nb6 20. Rd6 Nc8 21. Rd4 Rxd4 22. exd4 Nb6 23. Rc1 Rd8 24. Qc2 Qg5 25. Re1 Qf5 26. Re3 Ra8 27. Qb3 Rd8 28. h3 h5 29. a4 h4 30. a5 Nd7 31. Qc2 b6 32. Qxe4 Qxe4 33. Rxe4 bxa5 34. bxa5 Rb8 35. Bc3 Rb3 36. Re3 Ra3 37. Kf1 Ra4 38. c5 Ra2 39. Re2 Rxe2 40. Kxe2 Nf8 41. Kf3 a6 42. Kg4 Ng6 43. f4 Kh7 44. Be1 Ne7 45. Bxh4 Nd5 46. Be1 Kg6 47. Kf3 Kh6 48. g4 Kg6 49. Ke4 Ne7 50. Bh4 Nd5 51. f5+ Kh6 52. Be1 Kg5 53. fxe6 fxe6 54. Kf3 Kg6 55. h4 Kh6 56. Bd2+ Kg6 57. h5+ Kh7 58. Kg3 Nc7 59. Kh4 Nb5 60. Be3 Nc3 61. Kg5 Ne4+ 62. Kf4 Nc3 63. Bd2 Nd5+ 64. Ke4 Kg8 65. Bg5 Kh7 66. Bd8 Kh6 67. Bh4 g5 1/2-1/2

[Event "CHI-ch sf2"]
[Site "Santiago de Chile"]
[Date "2018.01.06"]
[Round "2"]
[White "Gonzalez Culi, Diego"]
[Black "Olivares Olivares, Claudio"]
[Result "0-1"]
[WhiteElo "2036"]
[BlackElo "2354"]
[PlyCount "70"]
[EventDate "2018.01.05"]
[EventType "swiss"]
[EventRounds "8"]
[EventCountry "CHI"]
[SourceTitle "EXT 2019"]
[Source "ChessBase"]
[SourceDate "2018.10.10"]
[SourceVersion "1"]
[SourceVersionDate "2018.10.10"]
[SourceQuality "1"]

1. d4 Nf6 2. Nf3 g6 3. g3 Bg7 4. Bg2 0-0 5. 0-0 d6 6. c4 Nc6 7. Nc3 e5 8. d5 Ne7 9. e4 Nd7 10. Ne1 f5 11. Nd3 Nf6 12. f4 fxe4 13. fxe5 Bg4 14. Qd2 dxe5 15. Nxe4 Nxe4 16. Rxf8+ Qxf8 17. Bxe4 Nf5 18. Qb4 Qxb4 19. Nxb4 Nd6 20. Bd3 e4 21. Bf1 Bd4+ 22. Kh1 Bf3+ 23. Bg2 Bxg2+ 24. Kxg2 Rf8 25. Bf4 g5 26. Nc2 gxf4 27. Nxd4 f3+ 28. Kf2 Nxc4 29. Nc2 Nxb2 30. Rb1 Nd3+ 31. Kf1 b6 32. Ne3 Rf6 33. Rb3 c6 34. Rc3 Nc5 35. Kf2 cxd5 0-1

[Event "Antofagasta Zicosur op 2nd"]
[Site "Antofagasta"]
[Date "2016.01.09"]
[Round "8"]
[White "Gonzalez Culi, Diego"]
[Black "Munoz Contreras, Nelson"]
[Result "1/2-1/2"]
[WhiteElo "1941"]
[BlackElo "2071"]
[PlyCount "56"]
[EventDate "2016.01.05"]
[EventType "swiss"]
[EventRounds "9"]
[EventCountry "CHI"]
[SourceTitle "CBM 170 Extra"]
[Source "ChessBase"]
[SourceDate "2016.02.25"]
[SourceVersion "1"]
[SourceVersionDate "2016.02.25"]
[SourceQuality "1"]

1. Nf3 e6 2. c4 Nf6 3. Nc3 d5 4. d4 dxc4 5. e4 Bb4 6. Bg5 c5 7. Bxc4 cxd4 8. Nxd4 Qa5 9. Bd2 0-0 10. Nc2 Bxc3 11. Bxc3 Qg5 12. Qe2 Qxg2 13. 0-0-0 Qxe4 14. Ne3 e5 15. Rhg1 g6 16. f4 Qxf4 17. Rgf1 Qh4 18. Bd3 Be6 19. Be1 Qa4 20. Rxf6 Nc6 21. Rxe6 Nd4 22. Qg4 Qxa2 23. Bxg6 hxg6 24. Rxg6+ fxg6 25. Qxg6+ Kh8 26. Qh6+ Kg8 27. Qg6+ Kh8 28. Qh6+ Kg8 1/2-1/2

[Event "Antofagasta Zicosur op 2nd"]
[Site "Antofagasta"]
[Date "2016.01.07"]
[Round "5"]
[White "Garnier, Rene Augusto"]
[Black "Gonzalez Culi, Diego"]
[Result "1-0"]
[WhiteElo "2178"]
[BlackElo "1941"]
[PlyCount "85"]
[EventDate "2016.01.05"]
[EventType "swiss"]
[EventRounds "9"]
[EventCountry "CHI"]
[SourceTitle "CBM 170 Extra"]
[Source "ChessBase"]
[SourceDate "2016.02.25"]
[SourceVersion "1"]
[SourceVersionDate "2016.02.25"]
[SourceQuality "1"]

1. Nf3 Nf6 2. c4 g6 3. Nc3 Bg7 4. e4 d6 5. d4 0-0 6. Be2 Na6 7. h3 e5 8. dxe5 dxe5 9. Be3 c6 10. 0-0 Qe7 11. Qc2 Nh5 12. Rfd1 Nf4 13. Bf1 f5 14. exf5 Bxf5 15. Qb3 Be6 16. Nd2 Kh8 17. Nde4 g5 18. Qa3 Qxa3 19. bxa3 g4 20. hxg4 Bxg4 21. f3 Be6 22. Rab1 Rfb8 23. g3 Ng6 24. Rd6 Nf8 25. Rbd1 Bg8 26. Nf6 Bf7 27. Nce4 Bg6 28. Bh3 Nc7 29. a4 Ne8 30. Nxe8 Rxe8 31. a5 a6 32. Nc5 Rab8 33. Nd7 Nxd7 34. Rxd7 e4 35. f4 Bc3 36. f5 Bh5 37. R1d6 Rg8 38. Kf2 Be5 39. Rh6 Rxg3 40. Rhxh7+ Kg8 41. Rxh5 Rf3+ 42. Ke2 c5 43. Bg2 1-0

[Event "Santiago Club Chile 2nd"]
[Site "Santiago de Chile"]
[Date "2015.08.17"]
[Round "5.3"]
[White "Constanzo Vivanco, Mario Felipe"]
[Black "Gonzalez Culi, Diego"]
[Result "1/2-1/2"]
[WhiteElo "1973"]
[BlackElo "1941"]
[PlyCount "100"]
[EventDate "2015.08.03"]
[EventType "swiss"]
[EventRounds "7"]
[EventCountry "CHI"]
[SourceTitle "EXT 2024"]
[Source "ChessBase"]
[SourceDate "2023.10.10"]
[SourceVersion "1"]
[SourceVersionDate "2023.10.10"]
[SourceQuality "1"]

1. e4 e6 2. Nf3 d5 3. Nc3 Nf6 4. exd5 exd5 5. d4 Bd6 6. Bg5 c6 7. Bd3 Be6 8. Ne2 Nbd7 9. Qd2 Qc7 10. Ng3 h6 11. Be3 0-0-0 12. 0-0-0 Ng4 13. Nf5 Nxe3 14. Nxd6+ Qxd6 15. fxe3 Rhe8 16. Kb1 Nf6 17. h3 Ne4 18. Bxe4 dxe4 19. Ng1 Kb8 20. Ne2 g5 21. Rhf1 f5 22. b3 Rf8 23. g3 f4 24. gxf4 Bxh3 25. Rh1 Bg4 26. fxg5 hxg5 27. Rhg1 Qe6 28. Rg2 Rh8 29. Rdg1 Rh4 30. Qa5 Rd5 31. Qb4 Bf3 32. Nc3 Bxg2 33. Nxd5 cxd5 34. Rxg2 Qf6 35. Qe1 Rh3 36. Qg1 Rxe3 37. Rxg5 Re1+ 38. Qxe1 Qxg5 39. c4 e3 40. cxd5 Qf5+ 41. Kc1 Qf3 42. d6 Qc6+ 43. Kd1 Qf3+ 44. Qe2 Qh1+ 45. Kc2 Qe4+ 46. Kc3 Qc6+ 47. Kd3 Qxd6 48. Qxe3 Qa6+ 49. Kc3 Qxa2 50. Qe5+ Kc8 1/2-1/2

[Event "Antofagasta Zicosur op 1st"]
[Site "Antofagasta"]
[Date "2015.01.08"]
[Round "6"]
[White "Alvarez Flores, Diego Antonio"]
[Black "Gonzalez Culi, Diego"]
[Result "0-1"]
[WhiteElo "1774"]
[BlackElo "1921"]
[PlyCount "64"]
[EventDate "2015.01.05"]
[EventType "swiss"]
[EventRounds "10"]
[EventCountry "CHI"]
[SourceTitle "CBM 164 Extra"]
[Source "ChessBase"]
[SourceDate "2015.03.02"]
[SourceVersion "1"]
[SourceVersionDate "2015.03.02"]
[SourceQuality "1"]

1. d4 Nf6 2. c4 g6 3. Nc3 Bg7 4. e4 d6 5. f3 0-0 6. Be3 b6 7. Qd2 c5 8. d5 Nbd7 9. Bh6 Ne5 10. h4 Ba6 11. b3 e6 12. g4 exd5 13. exd5 Bb7 14. 0-0-0 a6 15. h5 Qc7 16. Be2 b5 17. Bxg7 Kxg7 18. hxg6 fxg6 19. g5 Nh5 20. Rh4 Ng3 21. f4 Nf5 22. Rh2 Nd7 23. Nf3 bxc4 24. Bxc4 Nb6 25. Bd3 Nd4 26. Rdh1 Rh8 27. Nxd4 cxd4 28. Bc4 dxc3 29. Qxc3+ Kg8 30. Qf6 Qg7 31. Qxd6 Nxc4 32. bxc4 Re8 0-1

[Event "Antofagasta Zicosur op 1st"]
[Site "Antofagasta"]
[Date "2015.01.07"]
[Round "4"]
[White "Gonzalez Culi, Diego"]
[Black "Soto Fontecilla, David Alejandro"]
[Result "1-0"]
[WhiteElo "1921"]
[BlackElo "1523"]
[PlyCount "35"]
[EventDate "2015.01.05"]
[EventType "swiss"]
[EventRounds "10"]
[EventCountry "CHI"]
[SourceTitle "CBM 164 Extra"]
[Source "ChessBase"]
[SourceDate "2015.03.02"]
[SourceVersion "1"]
[SourceVersionDate "2015.03.02"]
[SourceQuality "1"]

1. d4 Nf6 2. Nc3 d5 3. Bg5 Bf5 4. Bxf6 exf6 5. e4 dxe4 6. Qe2 Bb4 7. Qb5+ Nc6 8. Qxf5 Qxd4 9. Nge2 Bxc3+ 10. Nxc3 Nb4 11. Rc1 0-0 12. Be2 Nxa2 13. Nxa2 Qxb2 14. Bc4 b5 15. Qxb5 Qa3 16. 0-0 Rab8 17. Qd5 Rb2 18. Bb3 1-0